Super Catarina y los Super Insectos / (Record no. 23376)

MARC details
000 -LEADER
fixed length control field 01557cam a2200445 a 4500
001 - CONTROL NUMBER
control field sjds1117517
003 - CONTROL NUMBER IDENTIFIER
control field sjds
005 - DATE AND TIME OF LATEST TRANSACTION
control field 20191031123644.0
008 - FIXED-LENGTH DATA ELEMENTS--GENERAL INFORMATION
fixed length control field 120429t20122012nyua j 000 1 spa d
020 ## - INTERNATIONAL STANDARD BOOK NUMBER
International Standard Book Number 9780142425824 (pbk.)
020 ## - INTERNATIONAL STANDARD BOOK NUMBER
International Standard Book Number 0142425826 (pbk.)
035 ## - SYSTEM CONTROL NUMBER
System control number 500734
035 ## - SYSTEM CONTROL NUMBER
System control number (OCoLC)792880237
035 ## - SYSTEM CONTROL NUMBER
System control number 500734
040 ## - CATALOGING SOURCE
Original cataloging agency BTCTA
Language of cataloging eng
Transcribing agency BTCTA
Modifying agency BDX
-- YDXCP
-- IFA
-- UtOrBLW
041 ## - LANGUAGE CODE
Language code of text/sound track or separate title spa
Language code of original eng
049 ## - LOCAL HOLDINGS (OCLC)
Holding library IFAA
099 ## - LOCAL FREE-TEXT CALL NUMBER (OCLC)
Classification number ESPANOL PICTURE BOOKS SOMAN 2012
100 1# - MAIN ENTRY--PERSONAL NAME
Personal name Soman, David,
Relator term author.
240 10 - UNIFORM TITLE
Uniform title <a href="Ladybug Girl and the Bug Squad.">Ladybug Girl and the Bug Squad.</a>
Language of a work Spanish
245 10 - TITLE STATEMENT
Title Super Catarina y los Super Insectos /
Statement of responsibility, etc. por David Soman y Jacky Davis.
260 ## - PUBLICATION, DISTRIBUTION, ETC. (IMPRINT)
Place of publication, distribution, etc. New York :
Name of publisher, distributor, etc. Puffin,
Date of publication, distribution, etc. c2012
264 #1 - PRODUCTION, PUBLICATION, DISTRIBUTION, MANUFACTURE, AND COPYRIGHT NOTICE
Place of production, publication, distribution, manufacture New York :
Name of producer, publisher, distributor, manufacturer Puffin,
Date of production, publication, distribution, manufacture, or copyright notice [2012]
264 #4 - PRODUCTION, PUBLICATION, DISTRIBUTION, MANUFACTURE, AND COPYRIGHT NOTICE
Date of production, publication, distribution, manufacture, or copyright notice c2012
300 ## - PHYSICAL DESCRIPTION
Extent 1 volume (unpaged) :
Other physical details color illustrations ;
Dimensions 21 x 24 cm.
336 ## - CONTENT TYPE
Content type term text
Content type code txt
Source rdacontent
337 ## - MEDIA TYPE
Media type term unmediated
Media type code n
Source rdamedia
338 ## - CARRIER TYPE
Carrier type term volume
Carrier type code nc
Source rdacarrier
490 1# - SERIES STATEMENT
Series statement Ladybug Girl
520 ## - SUMMARY, ETC.
Summary, etc. When Lulu invites her friends from the Super Insectos--all dressed up as insects--to come over for a play date, she wants everything to go just as she has planned.
521 1# - TARGET AUDIENCE NOTE
Target audience note Edades 3 y más.
650 #0 - SUBJECT ADDED ENTRY--TOPICAL TERM
Topical term or geographic name as entry element Play
Form subdivision Juvenile fiction.
650 #0 - SUBJECT ADDED ENTRY--TOPICAL TERM
Topical term or geographic name as entry element Cooperativeness
Form subdivision Juvenile fiction.
650 #7 - SUBJECT ADDED ENTRY--TOPICAL TERM
Topical term or geographic name as entry element Juegos infantiles
Form subdivision Novela juvenil.
Source of heading or term bidex
650 #7 - SUBJECT ADDED ENTRY--TOPICAL TERM
Topical term or geographic name as entry element Cooperación
Form subdivision Novela juvenil.
Source of heading or term local
700 1# - ADDED ENTRY--PERSONAL NAME
Personal name Davis, Jacky,
Dates associated with a name 1966-
800 1# - SERIES ADDED ENTRY--PERSONAL NAME
Personal name Soman, David.
Title of a work Ladybug Girl (Series)
902 ## - LOCAL DATA ELEMENT B, LDB (RLIN)
a Backstage 2015
942 ## - ADDED ENTRY ELEMENTS (KOHA)
Koha item type Libro/Book
Source of classification or shelving scheme Dewey Decimal Classification
Holdings
Withdrawn status Lost status Damaged status Not for loan Home library Current library Date acquired Total Checkouts Barcode Date last seen Date checked out Price effective from Koha item type
        La Puerta Biblioteca -- Satellite La Puerta Biblioteca -- Satellite 09/04/2018 18 40301742 15/08/2024 28/09/2023 09/04/2018 Libro/Book

Powered by Koha